| 000 -LEADER |
| fixed length control field |
01595cam a2200409 a 4500 |
| 001 - CONTROL NUMBER |
| control field |
2614611 |
| 003 - CONTROL NUMBER IDENTIFIER |
| control field |
OSt |
| 005 - DATE AND TIME OF LATEST TRANSACTION |
| control field |
20210417105649.0 |
| 008 - FIXED-LENGTH DATA ELEMENTS--GENERAL INFORMATION |
| fixed length control field |
980227s1999 nyua b 001 0 eng |
| 010 ## - LIBRARY OF CONGRESS CONTROL NUMBER |
| LC control number |
98015421 |
| 020 ## - INTERNATIONAL STANDARD BOOK NUMBER |
| International Standard Book Number |
0195050002 (alk. paper) |
| 040 ## - CATALOGING SOURCE |
| Original cataloging agency |
DLC |
| Transcribing agency |
DLC |
| Modifying agency |
DLC |
| 043 ## - GEOGRAPHIC AREA CODE |
| Geographic area code |
e-ur--- |
| 050 00 - LIBRARY OF CONGRESS CALL NUMBER |
| Classification number |
HN523 |
| Item number |
.F57 1999 |
| 080 ## - UNIVERSAL DECIMAL CLASSIFICATION NUMBER |
| Universal Decimal Classification number |
94 |
| Item number |
F-61 |
| 082 00 - DEWEY DECIMAL CLASSIFICATION NUMBER |
| Classification number |
306/.0947 |
| Edition number |
21 |
| 100 1# - MAIN ENTRY--PERSONAL NAME |
| Personal name |
Fitzpatrick, Sheila. |
| 245 10 - TITLE STATEMENT |
| Title |
Everyday Stalinism : |
| Remainder of title |
ordinary life in extraordinary times : Soviet Russia in the 1930s / |
| Statement of responsibility, etc. |
Sheila Fitzpatrick. |
| 260 ## - PUBLICATION, DISTRIBUTION, ETC. |
| Place of publication, distribution, etc. |
New York : |
| Name of publisher, distributor, etc. |
Oxford University Press, |
| Date of publication, distribution, etc. |
1999. |
| 300 ## - PHYSICAL DESCRIPTION |
| Extent |
x, 288 p. : |
| Other physical details |
ill. ; |
| Dimensions |
24 cm. |
| 365 ## - TRADE PRICE |
| Price amount |
27.50 usd |
| 504 ## - BIBLIOGRAPHY, ETC. NOTE |
| Bibliography, etc. note |
Includes bibliographical references (p. [229]-280) and index. |
| 650 #0 - SUBJECT ADDED ENTRY--TOPICAL TERM |
| Topical term or geographic name entry element |
City and town life |
| Geographic subdivision |
Soviet Union. |
| 650 #0 - SUBJECT ADDED ENTRY--TOPICAL TERM |
| Topical term or geographic name entry element |
Communism |
| Geographic subdivision |
Soviet Union. |
| 651 #0 - SUBJECT ADDED ENTRY--GEOGRAPHIC NAME |
| Geographic name |
Soviet Union |
| General subdivision |
Social conditions. |
| 651 #0 - SUBJECT ADDED ENTRY--GEOGRAPHIC NAME |
| Geographic name |
Soviet Union |
| General subdivision |
History |
| Chronological subdivision |
1925-1953. |
| 653 ## - INDEX TERM--UNCONTROLLED |
| Uncontrolled term |
ისტორია |
| 653 ## - INDEX TERM--UNCONTROLLED |
| Uncontrolled term |
საბჭოთა კავშირი |
| 653 ## - INDEX TERM--UNCONTROLLED |
| Uncontrolled term |
კომუნიზმი |
| 856 42 - ELECTRONIC LOCATION AND ACCESS |
| Materials specified |
Publisher description |
| Uniform Resource Identifier |
<a href="http://www.loc.gov/catdir/enhancements/fy0636/98015421-d.html">http://www.loc.gov/catdir/enhancements/fy0636/98015421-d.html</a> |
| 856 42 - ELECTRONIC LOCATION AND ACCESS |
| Materials specified |
Contributor biographical information |
| Uniform Resource Identifier |
<a href="http://www.loc.gov/catdir/enhancements/fy0723/98015421-b.html">http://www.loc.gov/catdir/enhancements/fy0723/98015421-b.html</a> |
| 856 42 - ELECTRONIC LOCATION AND ACCESS |
| Materials specified |
Book review (H-Net) |
| Uniform Resource Identifier |
<a href="http://www.h-net.org/reviews/showrev.php?id=3921">http://www.h-net.org/reviews/showrev.php?id=3921</a> |
| 906 ## - LOCAL DATA ELEMENT F, LDF (RLIN) |
| a |
7 |
| b |
cbc |
| c |
orignew |
| d |
1 |
| e |
ocip |
| f |
19 |
| g |
y-gencatlg |
| 942 ## - ADDED ENTRY ELEMENTS (KOHA) |
| Source of classification or shelving scheme |
|
| Koha item type |
Books |